| 000 | 00671nam a2200229 i 4500 | ||
|---|---|---|---|
| 001 | bg | ||
| 100 | 1 | _aORŁOWSKI, Jerzy Heliodor. | |
| 245 | 1 | 0 |
_aRegulamin kosztorysowania obiektów i robót budowlanych / _c[Jerzy Heliodor Orłowski, Ryszard Sobolewski]. |
| 260 |
_aWarszawa : _bOficyna Wydawnicza "Polcen", _c2002. |
||
| 300 |
_a32 s. ; _c16 cm. |
||
| 500 | _aOpis wg okł. | ||
| 650 | 9 |
_aBudownictwo _xkoszty |
|
| 700 | 1 | _aSOBOLEWSKI, Ryszard. | |
| 700 | 1 | _aWÓJCICKI, Ryszard. | |
| 020 | _a8391299996 | ||
| 040 | _cBPK | ||
| 041 | 0 | _apol | |
| 080 | _a69.003(083.1) | ||
| 920 | _a83-912999-9-6 | ||
| 942 | _cKS | ||
| 008 | s pl f |000 0 pol | ||
| 999 |
_c35596 _d35596 |
||
| 856 |
_uhttp://koha.tu.koszalin.pl/cgi-bin/koha/opac-detail.pl?biblionumber=35596 _yKatalog online BPK |
||